Nová dimenze hodnocení v personalistice
Systém Personline je postavený na využití Testu pracovného potenciálu, vytvoreného na základe testu študijných predpokladov. Ten dokáže overiť mieru dôležitých kognitívnych predpokladov pre výkon akejkoľvek duševnej činnosti.
Na minha lista:
| Autor principal: | |
|---|---|
| Formato: | Capítulo de Livro |
| Idioma: | tcheco |
| Assuntos: | |
| Tags: |
Sem tags, seja o primeiro a adicionar uma tag!
|
MARC
| LEADER | 00000naa$a2200000$$$4500 | ||
|---|---|---|---|
| 001 | 0116817 | ||
| 005 | 20231019115226.9 | ||
| 041 | 0 | |a cze | |
| 044 | |a CZ | ||
| 245 | 1 | 0 | |a Nová dimenze hodnocení v personalistice |c Alena Kazdová |
| 520 | |a Systém Personline je postavený na využití Testu pracovného potenciálu, vytvoreného na základe testu študijných predpokladov. Ten dokáže overiť mieru dôležitých kognitívnych predpokladov pre výkon akejkoľvek duševnej činnosti. | ||
| 610 | 2 | 0 | |a personalistika |
| 610 | 2 | 0 | |a výber pracovníkov |
| 610 | 2 | 0 | |a testy spôsobilosti |
| 100 | 1 | |a Kazdová, Alena | |